Music Quiz

Random Music or Rock Quiz
Score 0/9 Timer 03:00
2 Plays Today
Year Album % Correct
2010Brothers
86.7%
2011El Camino
83.8%
2004Rubber Factory
63.4%
2014Turn Blue
61.2%
2003Thickfreakness
61%
2008Attack & Release
58.3%
2006Magic Potion
57.2%
2002The Big Come Up
55.4%
2019'Let's Rock'
55.3%
Remove Ads.
Support Sporcle.
Get the best of Sporcle when you Go Orange. This ad-free experience offers more features, more stats, and more fun while also helping to support Sporcle. Thank you for becoming a member.

You're not logged in!

Compare scores with friends on all Sporcle quizzes.
OR
Log In

Show Comments

Extras

Top Quizzes Today


Score Distribution

Your Account Isn't Verified!

In order to create a playlist on Sporcle, you need to verify the email address you used during registration. Go to your Sporcle Settings to finish the process.

Report this User

Report this user for behavior that violates our Community Guidelines.

Details: